000 01200cam a22003257a 4500
003 CHAP
005 20220329140941.0
008 971013s1996 r 00010 d
010 _a60289
011 _a61261
035 _a65425
040 _cCHAP
082 _a312.0972
_bI59 B.C.S.
110 _aInstituto Nacional de Estadística, Geografía e Informática. México
_959304
245 0 _aEncuesta nacional de la dinámica demográfica
_b: Baja California Sur
260 _aAguascalientes, Ags. :
_bINEGI,
_c1996
300 _av.
500 _aLa biblioteca tiene : v.1 Panorama sociodemográfico
590 _aBATCH-UPD
_b10
_c20130110
_lUCH01
_h0558
590 _aBATCH-UPD
_b10
_c20130410
_lUCH01
_h0239
590 _aBATCH-UPD
_b10
_c20130914
_lUCH01
_h0523
590 _aBATCH-UPD
_b10
_c20130914
_lUCH01
_h2117
590 _aCONVERSION
_b10
_c20130109
_lUCH01
_h1332
650 1 4 _aBaja California Sur
_xCondiciones sociales.
_99500
650 1 4 _aPoblación
_xEstadísticas
_zBaja California Sur.
_989372
650 1 4 _aPoblación
_zBaja California Sur.
_989415
901 _aBK
942 _cLIBRO
949 _a312.0972 I59 B.C.S.
_bBC
_cINEGI
_d33724000601621
_eINEGI
_gI. c/e
_h90554
_i65425
_si
_t18.00
999 _c60289
_d60289